| 000 | 00596nam a22002177a 4500 | ||
|---|---|---|---|
| 003 | OSt | ||
| 005 | 20140310182015.0 | ||
| 008 | 130730t xxu||||| |||| 00| 0 eng d | ||
| 020 | _a0732315190 | ||
| 050 |
_aPZ 7 _b.P622 1991 |
||
| 082 |
_aKF _bSa2ab 1991 |
||
| 100 |
_aPierre, Stephanie St. _96524 |
||
| 245 |
_aThe mystery dude of ghost ranch / _cStephanie St. Pierrre. |
||
| 260 |
_aAustralia : _bBudget Books, _c1991. |
||
| 300 |
_a64 p. ; _bill. ; _c19 cm. |
||
| 541 | _j1 | ||
| 562 | _e1 | ||
| 650 |
_aFiction _9746 |
||
| 700 |
_aPierre, Stephanie St. _96525 |
||
| 942 |
_2lcc _cBK-KF _kKF |
||
| 999 |
_c8231 _d8231 |
||